00340nam a22001097a 4500020001800000082001800018100001900036245008500055260006300140300000800203650001900211 a9780099493440 a320.0954 HER1 aHerman, Arthur aGandhi & Churchill: The Epic Rivalry that Destroyed an Empire and Forged our Age aLondonbArrow Books (The Random House Group Limited)c2008 a721 aIndia-Politics